Men's Badminton world rankings (01/01/2025) - Statistics

General Stats
  • This quiz has been taken 175 times
    36 since last reset
  • The average score is 21 of 50
Answer Stats
Nationality World Ranking Answer % Correct
Danish 3 Anders Antonsen
90%
Chinese 1 Shi Yu Qi
90%
Thai 2 Kunlavut Vitidsarn
87%
French 7 Christo Popov
84%
Indonesian 4 Jonatan Christie
84%
Danish 30 Viktor Axelsen
84%
French 15 Toma Junior Popov
81%
Taiwanese 6 Chou Tien Chen
77%
French 8 Alex Lanier
71%
Taiwanese 20 Chia Hao Lee
71%
Indian 13 Lakshya Sen
71%
Japanese 9 Kodai Naraoka
68%
Singaporean 10 Loh Kean Yew
68%
Chinese 5 Li Shi Feng
61%
Canadian 22 Victor Lai
55%
Japanese 25 Koki Watanabe
52%
Taiwanese 12 Lin Chun-Yi
52%
Chinese 11 Weng Hong Yang
52%
Indonesian 17 Alwi Farhan
48%
Japanese 14 Kenta Nishimoto
45%
Hong Kongese 18 Lee Cheuk Yiu
45%
Hong Kongese 23 Ng Ka Long Angus
45%
Canadian 33 Brian Yang
42%
Chinese 16 Lu Guang Zu
42%
Japanese 19 Yushi Tanaka
42%
Indian 32 Ayush Shetty
39%
Irish 31 Nhat Nguyen
39%
Danish 27 Rasmus Gemke
35%
Singaporean 21 Jia Heng Jason Teh
32%
Malaysian 28 Leong Jun Hao
26%
Indian 36 Prannoy H. S.
26%
Taiwanese 24 Wang Tzu Wei
26%
Taiwanese 26 Chi Yu Jen
23%
Malaysian 39 Hoh Justin
23%
French 37 Arnaud Merkle
19%
Finnish 46 Joakim Oldorff
19%
Indian 34 Kidambi Srikanth
19%
Indonesian 48 Mohammad Zaki Ubaidillah
19%
Hong Kongese 44 Jason Gunawan
16%
Danish 41 Magnus Johannesen
16%
Chinese 29 Wang Zheng Xing
16%
South Korean 35 Jeon Hyeok-Jin
13%
Indian 43 Tharun Mannepalli
13%
Indian 38 Kiran George
10%
Thai 47 Panitchaphon Teeraratsakul
10%
Malaysian 45 Sholeh Aidil
10%
Indonesian 50 Chico Aura Dwi Wardoyo
6%
Indonesian 49 Prahdiska Baga Shujiwo
6%
Taiwanese 40 Su Yi Lang
6%
Japanese 42 Yudai Okimoto
6%
No matching quizzes found
Score Distribution
Percent of People with Each Score
Percentile by Number Answered
Your Score History
You have not taken this quiz since the last reset